| 000 | 00530nam a2200265Ia 4500 | ||
|---|---|---|---|
| 001 | 071241 | ||
| 003 | YMCAF | ||
| 005 | 20230512160717.0 | ||
| 008 | 100717s1993 ||||||||||||||||| ||und|d | ||
| 020 | _a- | ||
| 024 | _a71241 | ||
| 035 | _a10704 | ||
| 040 |
_aYMCAF _beng _cIN-KoLT |
||
| 041 | _aeng | ||
| 082 |
_a823 _bSET |
||
| 100 | _aSETH, VIKRAM | ||
| 245 | 0 | _aSUITABLE BOY | |
| 250 | _a- | ||
| 260 |
_b- _c1993 |
||
| 300 | _a1349 | ||
| 653 | _aFiction | ||
| 653 | _aGeneral | ||
| 653 | _aNovel | ||
| 942 |
_2ddc _cBK |
||
| 999 |
_c6005 _d6005 |
||